Treatise on competing fath oriented family norms : (Record no. 128359)
[ view plain ]
| 000 -LEADER | |
|---|---|
| fixed length control field | 00692nam a22002297a 4500 |
| 005 - DATE AND TIME OF LATEST TRANSACTION | |
| control field | 20170124110038.0 |
| 010 ## - LIBRARY OF CONGRESS CONTROL NUMBER | |
| LC control number | A-456658 |
| 020 ## - INTERNATIONAL STANDARD BOOK NUMBER | |
| Terms of availability | 00.00 |
| 035 ## - SYSTEM CONTROL NUMBER | |
| System control number | A-456658 |
| 037 ## - SOURCE OF ACQUISITION | |
| Source of stock number/acquisition | Cen Lib/Ret |
| 040 ## - CATALOGING SOURCE | |
| Original cataloging agency | DPL |
| Language of cataloging | EN |
| 082 ## - DEWEY DECIMAL CLASSIFICATION NUMBER | |
| Classification number | 882 |
| Item number | AFZ |
| 100 ## - MAIN ENTRY--PERSONAL NAME | |
| Personal name | Afzal Qutb |
| 9 (RLIN) | 23155 |
| 245 ## - TITLE STATEMENT | |
| Title | Treatise on competing fath oriented family norms : |
| Statement of responsibility, etc | by Afzal Qutb |
| Remainder of title | hindu, christian and islamic principles / |
| 260 ## - PUBLICATION, DISTRIBUTION, ETC. (IMPRINT) | |
| Place of publication, distribution, etc | Kasmir |
| Name of publisher, distributor, etc | Upright Study Home |
| Date of publication, distribution, etc | 1990 |
| 270 ## - ADDRESS | |
| City | Kashmir |
| Address | Taj Manjil, Noonamy |
| Postal code | 192232 |
| 300 ## - PHYSICAL DESCRIPTION | |
| Extent | 176p. |
| Dimensions | 19cm(Hb) |
| 500 ## - GENERAL NOTE | |
| General note | Includes index |
| 650 ## - SUBJECT ADDED ENTRY--TOPICAL TERM | |
| Topical term or geographic name as entry element | English literature |
| 9 (RLIN) | 87773 |
| 650 ## - SUBJECT ADDED ENTRY--TOPICAL TERM | |
| Topical term or geographic name as entry element | Drama |
| 9 (RLIN) | 87774 |
| 942 ## - ADDED ENTRY ELEMENTS (KOHA) | |
| Source of classification or shelving scheme | Dewey Decimal Classification |
| Koha item type | English Books |
| Classification part | 882 |
| Call number suffix | AFZ |
| Withdrawn status | Lost status | Damaged status | Not for loan | Home library | Current library | Date acquired | Source of acquisition | Cost, normal purchase price | Total Checkouts | Full call number | Barcode | Date last seen | Copy number | Cost, replacement price | Price effective from | Koha item type | Public note |
|---|---|---|---|---|---|---|---|---|---|---|---|---|---|---|---|---|---|
| Written off | Central Library | Central Library | 02/07/2015 | Cen Lib/Ret | 0.00 | 882 AFZ | A-456658 | 02/07/2015 | 1 | 0.00 | 02/07/2015 | English Books | W/d List No. 3394/16:Dtd 05/04/21 |
